|
|
|
|
| LEADER |
00000nas a2200000 a 4500 |
| 001 |
ssj0000070749 |
| 003 |
WaSeSS |
| 005 |
20200512172242.0 |
| 006 |
m d |
| 007 |
cr n |
| 008 |
090120c20059999pl fr p s 0 b0por c |
| 010 |
|
|
|a 2010252166
|
| 016 |
7 |
|
|a 992929857
|2 DE-101
|
| 016 |
7 |
|
|a 2482370-3
|2 DE-600
|
| 022 |
|
|
|a 1646-5237
|l 1646-5237
|
| 024 |
8 |
|
|a eb65905454
|
| 035 |
|
|
|a (WaSeSS)ssj0000070749
|
| 040 |
|
|
|a HUA
|b eng
|c HUA
|d WAU
|d HEBIS
|d OCLCQ
|d DEBBG
|d GWDNB
|d OCLCQ
|d GBVCP
|d OCLCQ
|d OCLCF
|d CUS
|d SELUL
|d CUS
|d OCLCO
|d OCLCQ
|d DEBSZ
|d CUS
|d VT2
|d WaSeSS
|
| 041 |
0 |
|
|a por
|a spa
|
| 042 |
|
|
|a pcc
|
| 050 |
1 |
4 |
|a HF5549.A2
|
| 222 |
|
0 |
|a Laboreal
|b (Porto. Online)
|
| 245 |
0 |
0 |
|a Laboreal
|h [electronic resource].
|
| 260 |
|
|
|a [Porto] :
|b [Faculdade de Psicologia e de Ciências da Educação, Universidade do Porto]
|
| 310 |
|
|
|a Semiannual
|
| 362 |
1 |
|
|a Began with vol. 1, no. 1 (Dec. 2005).
|
| 506 |
|
|
|a License restrictions may limit access.
|
| 546 |
|
|
|a Portuguese and Spanish.
|
| 588 |
|
|
|a Description based on: Vol. 1, no. 1 (Dec. 2005); title from PDF cover (publisher's Web site, viewed Jan. 27, 2010).
|
| 588 |
|
|
|a Latest issue consulted: Vol. 5, no. 2 (Dec. 2009) (viewed Jan. 27, 2010).
|
| 650 |
|
0 |
|a Personnel management
|v Periodicals.
|
| 650 |
|
0 |
|a Public health
|v Periodicals.
|
| 650 |
|
0 |
|a Industrial safety
|v Periodicals.
|
| 650 |
|
0 |
|a Employees
|x Training of
|v Periodicals.
|
| 650 |
|
7 |
|a Employees
|x Training of.
|2 fast
|0 (OCoLC)fst00909221
|
| 650 |
|
7 |
|a Industrial safety.
|2 fast
|0 (OCoLC)fst00971664
|
| 650 |
|
7 |
|a Personnel management.
|2 fast
|0 (OCoLC)fst01058797
|
| 650 |
|
7 |
|a Public health.
|2 fast
|0 (OCoLC)fst01082238
|
| 655 |
|
0 |
|a Electronic journals.
|
| 710 |
2 |
|
|a Universidade do Porto.
|b Faculdade de Psicologia e Ciências da Educação.
|
| 856 |
4 |
0 |
|z Full text available from Research Library: 01/01/2014 to present
|u https://search.proquest.com/publication/2069119
|